=LDR 00000nam 2200000 4500 =001 INLIS000000000031717 =990 ##$$a 0001/BPAP-NTB/2016 =005 20130612133755 =008 ***********************************ind** =035 ##$$0010-061300000031717 =041 ##$$a ind =082 ##$$a 398.598 53 =090 ##$$a 398.598 53, Luk k =100 ##$$a LUKMAN, H.Lalu =245 ##$$a Kumpulan Cerita Rakyat Sasak, Lelampaq Lendong Kaoq, Haji Lalu Lukman; Editor, Lalu Agus Hidayat Lukman =260 ##$$a (s.a) $b (s.l) =300 ##$$a iii,83 hlm., 20 cm =650 ##$$a CERITA RAKYAT LOMBOK =700 ##$$a Hidayat, L. Agus =850 ##$$a NBPNMAT =990 ##$$a 0001/BPAP-NTB/2016